<?xml version="1.0" encoding="UTF-8"?>
<collection xmlns="http://www.loc.gov/MARC21/slim">
 <record>
  <leader>01360nm_ a2200205   4500</leader>
  <controlfield tag="001">1/34910</controlfield>
  <controlfield tag="008">080617s2006    gr     f   ba       gre  </controlfield>
  <datafield tag="020" ind1=" " ind2=" ">
   <subfield code="a">9789602870839</subfield>
  </datafield>
  <datafield tag="035" ind1=" " ind2=" ">
   <subfield code="l">37412</subfield>
  </datafield>
  <datafield tag="040" ind1=" " ind2=" ">
   <subfield code="a">GR-PeUP</subfield>
  </datafield>
  <datafield tag="082" ind1="0" ind2="0">
   <subfield code="a">CD-ROM 025.174 ΑΡΧ</subfield>
  </datafield>
  <datafield tag="245" ind1="0" ind2="0">
   <subfield code="a">Αρχείο καθιερωμένων θεματικών επικεφαλίδων της βιβλιοθήκης του ΑΤΕΙ Θεσσαλονίκης /</subfield>
   <subfield code="c">επιμ. Μαργαρίτα Βαγγελάτου - Σαμιώτη.</subfield>
  </datafield>
  <datafield tag="260" ind1=" " ind2=" ">
   <subfield code="a">Θεσσαλονίκη :</subfield>
   <subfield code="b">Αλεξάνδρειο Τεχνολογικό Εκπαιδευτικό Ίδρυμα Θεσσαλονίκης,</subfield>
   <subfield code="c">2006.</subfield>
  </datafield>
  <datafield tag="300" ind1=" " ind2=" ">
   <subfield code="a">1 οπτικός δίσκος :</subfield>
   <subfield code="b">εγχρ. ;</subfield>
   <subfield code="c">4 3/4 in.</subfield>
  </datafield>
  <datafield tag="490" ind1="1" ind2=" ">
   <subfield code="a">Iχνηλατώντας τη γνώση / Βιβλιοθήκη Τ.Ε.Ι Θεσσαλονίκης ;</subfield>
  </datafield>
  <datafield tag="538" ind1=" " ind2=" ">
   <subfield code="a">Απαιτήσεις σε εξοπλισμό : Επεξεργαστής Pentium-II, μνήμη 64 Μb, CD-ROM 8x, διαθέσιμος χώρος 60Mb.</subfield>
  </datafield>
  <datafield tag="650" ind1=" " ind2="4">
   <subfield code="a">CD-ROMs.</subfield>
  </datafield>
  <datafield tag="700" ind1="1" ind2=" ">
   <subfield code="a">Βαγγελάτου - Σαμιώτη, Μαργαρίτα.</subfield>
  </datafield>
  <datafield tag="830" ind1=" " ind2=" ">
   <subfield code="a">Iχνηλατώντας τη γνώση / Βιβλιοθήκη Τ.Ε.Ι Θεσσαλονίκης ;</subfield>
   <subfield code="v">5.</subfield>
  </datafield>
  <datafield tag="852" ind1=" " ind2=" ">
   <subfield code="a">INST</subfield>
   <subfield code="b">UNIPILB</subfield>
   <subfield code="c">MMEDIA</subfield>
   <subfield code="e">20080617</subfield>
   <subfield code="h">CD-ROM 025.174 ΑΡΧ</subfield>
   <subfield code="p">00155682</subfield>
   <subfield code="q">00155682</subfield>
   <subfield code="t">NOLOAN</subfield>
   <subfield code="y">23</subfield>
   <subfield code="4">1</subfield>
  </datafield>
 </record>
</collection>
